High-risk, critical decision-making under time pressure: Some parallels and learning from split-second choices made in extreme adventure sports (Record no. 528446)
[ view plain ]
| 000 -LEADER | |
|---|---|
| fixed length control field | 01475nam a22001457a 4500 |
| 008 - FIXED-LENGTH DATA ELEMENTS--GENERAL INFORMATION | |
| fixed length control field | 241205b ||||| |||| 00| 0 eng d |
| 100 ## - MAIN ENTRY--PERSONAL NAME | |
| Personal name | Bangari, Ravindra Singh |
| 245 ## - TITLE STATEMENT | |
| Title | High-risk, critical decision-making under time pressure: Some parallels and learning from split-second choices made in extreme adventure sports |
| 260 ## - PUBLICATION, DISTRIBUTION, ETC. (IMPRINT) | |
| Place of publication, distribution, etc | Vikalpa: The Journal for Decision Makers |
| 300 ## - PHYSICAL DESCRIPTION | |
| Extent | 49(3), Jul-Sep, 2024: p.197-212 |
| 520 ## - SUMMARY, ETC. | |
| Summary, etc | In a world beset with crises, everyone from professional manager down to the layman is keen to understand how to make quick decisions under emerging disruptive situations. This article, employing self-reflective analysis of critical incidents, describes the author’s personal experiences from the field of adventure sports categorised as high-risk, critical decisions, involving split-second choices—while sky-diving and flying—to trace the mental cognitive processes from a decision maker’s perspective. This is used to discuss and establish a practitioners’ operational framework for high-risk, critical decision scenarios, drawing upon established theories and frameworks from cognitive, social and psychological decision research.- Reproduced https://journals.sagepub.com/doi/full/10.1177/02560909241281423 |
| 650 ## - SUBJECT ADDED ENTRY--TOPICAL TERM | |
| Topical term or geographic name as entry element | Critical Decision-making High-risk environments, Reflective analysis, Mindfulness, practitioner-oriented |
| 9 (RLIN) | 49339 |
| 773 ## - HOST ITEM ENTRY | |
| Main entry heading | Vikalpa: The Journal for Decision Makers |
| 942 ## - ADDED ENTRY ELEMENTS (KOHA) | |
| Item type | Articles |
| Withdrawn status | Lost status | Source of classification or shelving scheme | Damaged status | Not for loan | Permanent location | Current location | Date acquired | Serial Enumeration / chronology | Barcode | Date last seen | Koha item type |
|---|---|---|---|---|---|---|---|---|---|---|---|
| Indian Institute of Public Administration | Indian Institute of Public Administration | 2024-12-05 | 49(3), Jul-Sep, 2024: p.197-212 | AR133838 | 2024-12-05 | Articles |
